<?xml version="1.0" encoding="UTF-8"?>
<record
    xmlns:xsi="http://www.w3.org/2001/XMLSchema-instance"
    xsi:schemaLocation="http://www.loc.gov/MARC21/slim http://www.loc.gov/standards/marcxml/schema/MARC21slim.xsd"
    xmlns="http://www.loc.gov/MARC21/slim">

  <leader>01455nam a2200205   4500</leader>
  <controlfield tag="001">7888</controlfield>
  <controlfield tag="005">20181127184607.0</controlfield>
  <datafield tag="020" ind1="0" ind2="0">
    <subfield code="a">9789384544072</subfield>
  </datafield>
  <datafield tag="082" ind1=" " ind2=" ">
    <subfield code="a">241.317</subfield>
    <subfield code="b"></subfield>
    <subfield code="2"></subfield>
  </datafield>
  <datafield tag="100" ind1="0" ind2="0">
    <subfield code="a">Leaming, Linda.</subfield>
  </datafield>
  <datafield tag="245" ind1="0" ind2="0">
    <subfield code="a">A field guide to happiness :</subfield>
    <subfield code="b">what I learned in Bhutan about living, loving, and waking up /</subfield>
    <subfield code="c">Linda Leaming.</subfield>
    <subfield code="h"></subfield>
  </datafield>
  <datafield tag="260" ind1="0" ind2="0">
    <subfield code="a">New Delhi : </subfield>
    <subfield code="b"> Hay House India,</subfield>
    <subfield code="c">2015.</subfield>
  </datafield>
  <datafield tag="300" ind1="0" ind2="0">
    <subfield code="a">xiv, 233 pages ; 22 cm</subfield>
  </datafield>
  <datafield tag="505" ind1=" " ind2=" ">
    <subfield code="a">Calm down -- Lose your baggage -- Learn to breathe -- Rusticate -- Drink tea -- Kindness will save us -- It's okay to be who you are -- Laugh in the face of death -- Generosity is contagious -- Walk in sacred places -- Parent yourself -- You are what you eat -- Move to the middle in all things -- There are no accidents -- Learn to be water -- Don't expect everything to always work out -- Think about death five times a day -- Simple is genius -- Look for magic -- See the world with your heart -- Check your ego -- Wake up</subfield>
    <subfield code="g"></subfield>
    <subfield code="r"></subfield>
    <subfield code="t"></subfield>
  </datafield>
  <datafield tag="520" ind1=" " ind2=" ">
    <subfield code="a">"Forced by circumstance and her rustic surroundings to  embrace a simplified life, Leaming made room for more  useful beliefs...This collection of stories, impressions,  and suggestions is a little nudge, a push, a leg up into  the rarefied air of paradise - of bright sunlight and  beautiful views."</subfield>
  </datafield>
  <datafield tag="650" ind1="0" ind2="0">
    <subfield code="a">Bhutan -- Description and travel.</subfield>
    <subfield code="x"></subfield>
  </datafield>
  <datafield tag="650" ind1="0" ind2="0">
    <subfield code="a">Happiness -- Bhutan.</subfield>
    <subfield code="x"></subfield>
  </datafield>
  <datafield tag="650" ind1="0" ind2="0">
    <subfield code="a">Self-realization -- Bhutan.</subfield>
    <subfield code="x"></subfield>
  </datafield>
  <datafield tag="999" ind1=" " ind2=" ">
    <subfield code="c">6775</subfield>
    <subfield code="d">6775</subfield>
  </datafield>
  <datafield tag="952" ind1=" " ind2=" ">
    <subfield code="0">0</subfield>
    <subfield code="1">0</subfield>
    <subfield code="2">ddc</subfield>
    <subfield code="4">0</subfield>
    <subfield code="7">0</subfield>
    <subfield code="8">MAIN</subfield>
    <subfield code="a">RTCLIB</subfield>
    <subfield code="b">RTCLIB</subfield>
    <subfield code="c">MAIN</subfield>
    <subfield code="d">2025-05-01</subfield>
    <subfield code="h"> </subfield>
    <subfield code="i">11910</subfield>
    <subfield code="l">3</subfield>
    <subfield code="m">5</subfield>
    <subfield code="o">241.31 LEA</subfield>
    <subfield code="p">30012416</subfield>
    <subfield code="r">2025-06-30 00:00:00</subfield>
    <subfield code="s">2025-05-01</subfield>
    <subfield code="w">2018-11-27</subfield>
    <subfield code="y">MAIN</subfield>
  </datafield>
</record>
